Global dimensions of corporate governance
Gespeichert in:
| 1. Verfasser: | |
|---|---|
| Format: | Buch |
| Sprache: | Englisch |
| Veröffentlicht: |
Malden
Blackwell Publishing
2007
|
| Schriftenreihe: | Blackwell global dimensions of business series
|
| Schlagworte: | |
| Tags: |
Keine Tags, Fügen Sie das erste Tag hinzu!
|
MARC
| LEADER | 00000nam$a2200000$$$4500 | ||
|---|---|---|---|
| 001 | 0055929 | ||
| 005 | 20240306135704.6 | ||
| 020 | |a 978-1-4051-3707-2 | ||
| 020 | |a 1-4051-3707-X | ||
| 041 | 0 | |a eng | |
| 044 | |a US | ||
| 245 | 1 | 0 | |a Global dimensions of corporate governance |c Yadong Luo |
| 264 | 1 | |a Malden |b Blackwell Publishing |c 2007 | |
| 300 | |a xvi, 276 s. | ||
| 490 | 1 | |a Blackwell global dimensions of business series | |
| 830 | 0 | |a Blackwell global dimensions of business series | |
| 610 | 2 | 0 | |a správa podniku |
| 610 | 2 | 0 | |a podnik obchodný |
| 610 | 2 | 0 | |a podnik medzinárodný |
| 610 | 2 | 0 | |a podnikanie medzinárodné |
| 610 | 2 | 0 | |a globalizácia hospodárstva |
| 100 | 1 | |a Luo, Yadong | |